| Registos Bibliográficos associados ao registo de autoridade |
|
Etiqueta de registo: 00000nam 2200025 450 001 2284639 003 http://id.bnportugal.gov.pt/bib/catbnp/2284639 100 ## $a20260417d2025 k y0pory01030103ba 101 0# $aeng$dpor 102 ## $aPT 105 ## $aa m 000yy 106 ## $ar 200 1# $aInvestigating dominant-negative mechanisms of huntingtin CAG Expansion in Huntington's
Disease$fTiago Luís Laundos dos Santos$gorient. Perpétua Pinto do Ó, Ali Hemmati Brivanlou 210 #9 $aPorto$c[s.n.],$d2025 215 ## $aXIX, 185, 14 p.$cil.$d30 cm 328 #1 $aTese dout. Biologia Básica e Aplicada, Instituto de Ciências Biomédicas de Abel Salazar,
Faculdade de Ciências, Faculdade de Medicina, Universidade do Porto, 2025 675 ## $a577(043)$vBN$zpor$3337145 675 ## $a616.851(043)$vBN$zpor$3504198 700 #1 $aSantos,$bTiago Luís Lundos dos$31996111 702 #1 $aPinto-do-Ó,$bPerpétua$4727$31645799 702 #0 $aAli,$bHemmati Brivanlou$4727$31996113 801 #0 $aPT$bBN$gRPC 966 ## $lBN$mFGMON$sS.A. 193686 V.$x1 971 ## $corlando$d20260417 972 ## $e0$z0$d20260427$vasantos 973 ## $cmlsousa$d20260422
|
|
|